000 00394 a2200133 4500
001 91416
082 _aPR 1313
090 _c43546
_d43545
100 _aSuleman Shafqat; Prof Tauseef-ur-Rehman (Advisor)
245 _aDesign and Development of a Controller for Hover Flight of Quadrotor
_n72 "B" EC
260 _aRawalpindi
_bNUST
_c2012
300 _axxi, 124p
500 _aBE Project Reports
942 _aCAE NUST
_kPR 1313
999 _c326489
_d326489